Základy mikroekonomie
Salvato in:
| Autore principale: | |
|---|---|
| Altri autori: | , |
| Natura: | Libro |
| Lingua: | ceco |
| Pubblicazione: |
Brno
Computer Press
2011
|
| Edizione: | 2. aktual. vyd. |
| Serie: | Vysokoškolské učebnice
|
| Soggetti: | |
| Tags: |
Nessun Tag, puoi essere il primo ad aggiungerne!!
|
MARC
| LEADER | 00000nam a2200000 4500 | ||
|---|---|---|---|
| 001 | 0144582 | ||
| 005 | 20240226134407.6 | ||
| 020 | |a 978-80-251-3577-8 | ||
| 041 | 0 | |a cze | |
| 044 | |a CZ | ||
| 245 | 1 | 0 | |a Základy mikroekonomie |c Pavel Tuleja, Pavel Nezval, Ingrid Majerová |
| 250 | |a 2. aktual. vyd. | ||
| 264 | 1 | |a Brno |b Computer Press |c 2011 | |
| 300 | |a 261 s. | ||
| 490 | 1 | |a Vysokoškolské učebnice | |
| 830 | 0 | |a Vysokoškolské učebnice | |
| 610 | 2 | 0 | |a mikroekonomika |
| 610 | 2 | 0 | |a trh |
| 610 | 2 | 0 | |a rovnováha |
| 610 | 2 | 0 | |a firmy |
| 610 | 2 | 0 | |a zisk podnikový |
| 100 | 1 | |a Tuleja, Pavel | |
| 700 | 1 | |a Nezval, Pavel | |
| 700 | 1 | |a Majerová, Ingrid | |